Clods' Letters to Mad /

保存先:
書誌詳細
第一著者: DeFuccio, Jerry (autor)
フォーマット: 図書
言語:英語
出版事項: Nueva York, EUA : Warner Paperback Library, 1974
主題:
タグ: タグ追加
タグなし, このレコードへの初めてのタグを付けませんか!

MARC

LEADER 00000nam^a2200000^a^4500
001 000023453
005 20250521000000.0
009 20260310084536.315
022 |a 0446760552125 
037 |a Acervo ITESO - Biblioteca 
041 |a ING 
082 |a 741. 507  |b FUC 
100 |a DeFuccio, Jerry  |e (autor) 
245 1 0 |a Clods' Letters to Mad /  |c J. Defuccio; A. Jaffee. 
264 1 |a Nueva York, EUA :  |b Warner Paperback Library,  |c 1974 
300 |a 1 v. (sin paginación) 
336 |a texto  |b txt  |2 rdacontenido 
337 |a sin mediación  |b n  |2 rdamedio 
338 |a volumen  |b nc  |2 rdasoporte 
649 |a XX 
650 |a Medios de Comunicación 
650 |a Historietas y Caricaturas de Temas Políticos y Sociales 
650 |a Historietas y Caricaturas Norteamericanas 
910 |a Fondo General 
920 |a Impresos - Libros 
930 |a Colección General 
905 |a 101 
901 |a 0234530100  |b IT1  |c ACC  |i 023453  |u 20250521 
902 |a https://opac.biblio.iteso.mx/vufind/Record/000023453